000 00782pab a2200169 454500
008 180718b2002 xxu||||| |||| 00| 0 eng d
100 _aDogra, Bharat
245 _aLand reforms, productivity and farm size
260 _c2002
300 _ap.532-33
362 _a9 Feb
520 _aAs part of the implementation of the Private Forests (Acquisition) Act, the state government has been acquiring land distributed to tenants and the landless, threatening to evict large numbers of tribal cultivators, all in the name of environmental protection. The livelihood resources of the poor are increasingly being diverted into capital for the private sector. - Reproduced.
650 _aFarm size
650 _aLand reform
773 _aEconomic and Political Weekly
909 _a51490
999 _c51490
_d51490